Score 0/25 Timer 10:00
0 Plays Today
% Correct
Norwich
98.2%
Cromer
98.2%
King's Lynn
96.4%
Great Yarmouth
94.5%
Hunstanton
87.3%
Sheringham
87.3%
Thetford
85.5%
Diss
81.8%
Wymondham
70.9%
Dereham
69.1%
Fakenham
61.8%
North Walsham
60%
Swaffham
60%
% Correct
Attleborough
56.4%
Downham Market
50.9%
Aylsham
50.9%
Taverham
41.8%
Caister-on-Sea
38.2%
Watton
36.4%
Gorleston-on-Sea
34.5%
Hemsby
30.9%
Hethersett
29.1%
Poringland
21.8%
Dersingham
21.8%
Belton
3.6%
Remove Ads.
Support Sporcle.
Get the best of Sporcle when you Go Orange. This ad-free experience offers more features, more stats, and more fun while also helping to support Sporcle. Thank you for becoming a member.

You're not logged in!

Compare scores with friends on all Sporcle quizzes.
OR
Log In

Show Comments

Extras

Created Sep 23, 2019ReportNominateIcon Source: Wikipedia
Tags:United Kingdom Quiz, norfolk, Norwich

Top Quizzes Today


Score Distribution

Your Account Isn't Verified!

In order to create a playlist on Sporcle, you need to verify the email address you used during registration. Go to your Sporcle Settings to finish the process.

Report this User

Report this user for behavior that violates our Community Guidelines.

Details: